| 000 | 00000nam##2200000za#4500 |
| 001 | 9.697774 |
| 003 | CaOODSP |
| 005 | 20210624235630 |
| 007 | cr ||||||||||| |
| 008 | 150407|1997||||xxc|||||o f|0| 0 eng|d |
| 040 | |aCaOODSP|beng |
| 043 | |an-cn--- |
| 086 | 1 |aRH64-33/1997E-PDF |
| 110 | 1 |aCanada.|bHuman Resources Development Canada. |bStrategic Policy. |
| 245 | 14|aThe formative evaluation of the community skills centres : |h[electronic resource]|boverview report of findings and evaluation conclusions / |c[by] Evaluation and Data Development. |
| 260 | |aOttawa - Ontario : |bHuman Resources Development Canada. |cMarch 1997. |
| 300 | |a38p. |
| 590 | |a13-12-Supp|b2013-05-10 |
| 690 | 07|aSkills|2gcpds |
| 690 | 07|aCommunity services|2gcpds |
| 775 | 08|tÉvaluation formative des centres communautaires de formation : |w(CaOODSP)9.641820 |
| 856 | 40|ahttp://publications.gc.ca|qPDF|s119 KB|uhttps://publications.gc.ca/collections/collection_2013/rhdcc-hrsdc/RH64-33-1997-eng.pdf |
| 986 | |aSP-AH043E-03-97 |